000 00715nam a22002297a 4500
005 20251108173612.0
008 250721s2004 xx 000 0 ara d
020 _a977270885x
082 1 4 _aط/631.5/أبا
100 1 _aالأباصيري، تهاني
245 1 0 _aمذكرات شجرة برتقال /
264 1 _aالقاهره :
_bالدار المصرية اللبنانية،
_c2004.
300 _a15ص.
490 0 _aالمكتبة الزراعية
_v7
650 1 7 _aالنباتات
650 1 7 _aالفواكه
650 1 7 _aالزراعة
653 _aأطفال مرحلة متوسطة (6-9) سنوات
700 1 _aقطب، محمد
_eرسام
942 _2ddc
_cBK
999 _c107874
_d107874